<?xml version="1.0" encoding="UTF-8"?>
<record
    xmlns:xsi="http://www.w3.org/2001/XMLSchema-instance"
    xsi:schemaLocation="http://www.loc.gov/MARC21/slim http://www.loc.gov/standards/marcxml/schema/MARC21slim.xsd"
    xmlns="http://www.loc.gov/MARC21/slim">

  <leader>00724cam a22002171  4500</leader>
  <controlfield tag="001">ne 68002395 </controlfield>
  <controlfield tag="003">DLC</controlfield>
  <controlfield tag="005">20260227111843.0</controlfield>
  <controlfield tag="008">860616s1965    ua            000 0 arax </controlfield>
  <datafield tag="010" ind1=" " ind2=" ">
    <subfield code="a">ne 68002395 </subfield>
  </datafield>
  <datafield tag="035" ind1=" " ind2=" ">
    <subfield code="a">(OCoLC)14275170</subfield>
  </datafield>
  <datafield tag="040" ind1=" " ind2=" ">
    <subfield code="a">DLC</subfield>
    <subfield code="c">NN</subfield>
    <subfield code="d">DLC</subfield>
  </datafield>
  <datafield tag="042" ind1=" " ind2=" ">
    <subfield code="a">premarc</subfield>
  </datafield>
  <datafield tag="050" ind1="0" ind2="0">
    <subfield code="a">BP135</subfield>
    <subfield code="b">.I22</subfield>
  </datafield>
  <datafield tag="100" ind1="2" ind2=" ">
    <subfield code="a">Ibn al-Waz&#x12B;r, Mu&#x1E25;ammad ibn Ibr&#x101;h&#x12B;m,</subfield>
    <subfield code="d">1373 or 1374-1436.</subfield>
  </datafield>
  <datafield tag="245" ind1="1" ind2="3">
    <subfield code="a">al-Raw&#x1E0D; al-b&#x101;sim f&#x12B; al-dhabb &#x2BB;an sunnat Ab&#x12B; al-Q&#x101;sim,</subfield>
    <subfield code="c">ta&#x2BC;l&#x12B;f Ab&#x12B; &#x2BB;Abd All&#x101;h al-Sayyid Mu&#x1E25;ammad ibn Ibr&#x101;h&#x12B;m al-Waz&#x12B;r.</subfield>
  </datafield>
  <datafield tag="260" ind1=" " ind2=" ">
    <subfield code="a">[al-Q&#x101;hirah]</subfield>
    <subfield code="b">Qu&#x1E63;ayy Mu&#x1E25;ibb al-D&#x12B;n al-Khat&#x12B;b</subfield>
    <subfield code="c">[1965 or 6]</subfield>
  </datafield>
  <datafield tag="300" ind1=" " ind2=" ">
    <subfield code="a">2 v. in 1. (303 p.)</subfield>
    <subfield code="c">24 cm.</subfield>
  </datafield>
  <datafield tag="500" ind1=" " ind2=" ">
    <subfield code="a">In Arabic.</subfield>
  </datafield>
  <datafield tag="650" ind1=" " ind2="0">
    <subfield code="a">Hadith.</subfield>
  </datafield>
  <datafield tag="999" ind1=" " ind2=" ">
    <subfield code="c">50516</subfield>
    <subfield code="d">50516</subfield>
  </datafield>
</record>
